Name the 34 most famous fruits - Quiz fruits - Statistics

General Stats
  • This quiz has been taken 61 times
  • The average score is 21 of 34
Answer Stats
Hint Answer % Correct
B Banana
96%
O Orange
95%
A Apple
93%
S Strawberry
91%
Grape
91%
Lemon
87%
K Kiwi
85%
L Lime
82%
P Pineapple
80%
Mango
78%
Pear
78%
R Raspberry
78%
M Melon
76%
Peach
76%
C Cherry
71%
Grapefruit
69%
Grapefruit
69%
Apricot
64%
Blackberry
64%
F Fig
64%
Plum
64%
T Tomato
62%
D Date
58%
Avocado
53%
N Nectarine
53%
Papaya
44%
Pomegranate
35%
G Guava
33%
Lychee
33%
Passion fruit
31%
Mandarine
20%
Gooseberry
13%
Pomelo
11%
Rosehip
0%
No matching quizzes found
Score Distribution
Percent of People with Each Score
Percentile by Number Answered
Your Score History
You have not taken this quiz